000 00389 a2200169 4500
001 194529
020 _a978-85-7164-149-5
040 _cMagnum
100 _aCalvino, Italo
240 1 0 _aAs cidades invisíveis
_lpor
245 1 0 _aAs cidades invisíveis
300 _a150
362 0 _a2008
440 1 _aCompanhia das Letras
697 _aLITERATURA GERAL ESTRANGEIRA
942 _cBK
999 _c194529
_d194529